| 000 | 00644nam a2200205 i 4500 | ||
|---|---|---|---|
| 001 | 59504 | ||
| 003 | ES-MaACL | ||
| 005 | 20230906164038.0 | ||
| 007 | t| | ||
| 008 | 031029s1973 sp ||||1| spa d | ||
| 245 | 0 | 0 | _aEnseñar a vivir. |
| 260 |
_a[Bilbao : _bDesclée de Brouwer, _c1973] |
||
| 300 |
_a2 v. ; _c21 cm. |
||
| 490 | 1 | _aLa enseñanza preescolar programada 1º y 2º curso | |
| 500 | _aPrecede al tít.: Equipo Pedagógico D.D.B. | ||
| 710 | 2 |
_aEquipo Pedagógico D.D.B. _93496 |
|
| 830 | 0 |
_aLa enseñanza preescolar programada 1º y 2º curso _9230514 |
|
| 852 |
_aES-MaACL _jC-55129-30 _bR.86726 |
||
| 999 |
_c59504 _d59504 |
||